00488nam a2200193 a 4500001001300000003000900013005001700022008004100039020001000080082001300090100001700103245004400120260003300164300000900197500003500206505001700241650001900258700001700277nice12345678IN_TiNIC20260116011840.0050524s1950 lona grp 000 0 eng  ac10000a270bWAR aWard, Maisie aFrance Pagan? the Mission of Abbe Godin aLondonbSheed and Wardc1950 a244p aincludes index and biblioraphy2 aillus, index aChurch-History1 aWard, Maisie